Online katalóg knižníc regiónu Turca

Denník Zlaty Filipovičovej (Record no. 22823)

MARC details
000 -LEADER
fixed length control field 01023cam a2200349 a 4500
001 - CONTROL NUMBER
control field 22823
003 - CONTROL NUMBER IDENTIFIER
control field SK-KTurca
005 - DATE AND TIME OF LATEST TRANSACTION
control field 20260428162121.0
008 - FIXED-LENGTH DATA ELEMENTS--GENERAL INFORMATION
fixed length control field 250414s1994 xo o j 000 1dslo
015 ## - NATIONAL BIBLIOGRAPHY NUMBER
National bibliography number SNBA1994/06
020 ## - INTERNATIONAL STANDARD BOOK NUMBER
International Standard Book Number 8006004099
Qualifying information (brož.)
035 ## - SYSTEM CONTROL NUMBER
System control number SNK000018240
035 ## - SYSTEM CONTROL NUMBER
System control number urn:nbn:sk:snk-amjazu
035 ## - SYSTEM CONTROL NUMBER
System control number urn:nbn:sk:snk-am003mh0
035 ## - SYSTEM CONTROL NUMBER
System control number 4AA37F7A-8822-41FD-88A5-544FCF237FA8
040 ## - CATALOGING SOURCE
Original cataloging agency SNK
Language of cataloging slo
Transcribing agency SNK
Description conventions AACR2
041 1# - LANGUAGE CODE
Language code of text/sound track or separate title slo
Language code of original srp
044 ## - COUNTRY OF PUBLISHING/PRODUCING ENTITY CODE
MARC country code xo
ISO country code SK
080 ## - UNIVERSAL DECIMAL CLASSIFICATION NUMBER
Universal Decimal Classification number 886.1-94
Edition identifier 2001
080 ## - UNIVERSAL DECIMAL CLASSIFICATION NUMBER
Universal Decimal Classification number 82-3
Edition identifier 2001
080 ## - UNIVERSAL DECIMAL CLASSIFICATION NUMBER
Universal Decimal Classification number (093.3)
Edition identifier 2001
100 1# - MAIN ENTRY--PERSONAL NAME
Personal name Filipović, Zlata
Relationship aut
245 10 - TITLE STATEMENT
Title Denník Zlaty Filipovičovej
Statement of responsibility, etc. Zlata Filipović ; [prel. Zora Sadloňová]
250 ## - EDITION STATEMENT
Edition statement 1. vyd.
260 ## - PUBLICATION, DISTRIBUTION, ETC.
Place of publication, distribution, etc. Bratislava
Name of publisher, distributor, etc. Mladé letá
Date of publication, distribution, etc. 1994
300 ## - PHYSICAL DESCRIPTION
Extent 175 s.
Other physical details Fotogr.
Dimensions 20 cm
700 1# - ADDED ENTRY--PERSONAL NAME
Personal name Sadloňová, Zora,
Dates associated with a name 1954-
Relationship trl
700 1# - ADDED ENTRY--PERSONAL NAME
Personal name Boulat, Alexandra
Relationship pht
942 ## - ADDED ENTRY ELEMENTS (KOHA)
Source of classification or shelving scheme Dewey Decimal Classification
Koha item type Krásna literatúra pre deti
Suppress in OPAC No
Holdings
Stav vyradenia Strata Poškodenie Spôsob nadobudnutia Domovská knižnica Aktuálna knižnica Dátum nadobudnutia Total checkouts Čiarový kód exemplára Date last seen Typ exemplára
      Dar Obecná knižnica Horná Štubňa Obecná knižnica Horná Štubňa 28.04.2026   4736202284 28.04.2026 Krásna literatúra pre deti
Projekt je podporený Slovenskou asociáciou knižníc
Prevádzkuje Turčianska knižnica Martin 2026